Značka jako možný faktor konkurenceschopnosti

Značka a jej spojenie so široko používaným pojmom konkurencieschopnosť. Príspevok zisťuje hodnotu a vnímanie značky turistického regiónu Český raj. Výsledky aplikácie metódy BrandAsset Valuator na zistenie hodnoty značky turistického regiónu z pohľadu spotrebiteľa, vďaka ktorej je možné turistické r...

Descrizione completa

Salvato in:
Dettagli Bibliografici
Autore principale: Mareš, Ladislav
Natura: Capitolo di libro
Lingua:ceco
Soggetti:
Tags: Aggiungi Tag
Nessun Tag, puoi essere il primo ad aggiungerne!!

MARC

LEADER 00000nla a2200000 4500
001 0199937
005 20240417075056.1
041 0 |a cze 
044 |a CZ 
245 1 0 |a Značka jako možný faktor konkurenceschopnosti  |c Ladislav Mareš 
520 |a Značka a jej spojenie so široko používaným pojmom konkurencieschopnosť. Príspevok zisťuje hodnotu a vnímanie značky turistického regiónu Český raj. Výsledky aplikácie metódy BrandAsset Valuator na zistenie hodnoty značky turistického regiónu z pohľadu spotrebiteľa, vďaka ktorej je možné turistické regióny vzájomne porovnávať a rozvádzať úvahy o možnom využití značky a jej hodnoty ako faktora merania konkurencieschopnosti. 
610 2 0 |a značky 
610 2 0 |a hodnota 
610 2 0 |a konkurencieschopnosť 
610 2 0 |a regióny horské 
610 2 0 |a turistika 
610 2 0 |a Česko 
100 1 |a Mareš, Ladislav